<?xml version="1.0" encoding="UTF-8"?>
<record
    xmlns:xsi="http://www.w3.org/2001/XMLSchema-instance"
    xsi:schemaLocation="http://www.loc.gov/MARC21/slim http://www.loc.gov/standards/marcxml/schema/MARC21slim.xsd"
    xmlns="http://www.loc.gov/MARC21/slim">

  <leader>02076nam a2200397Ii 4500</leader>
  <controlfield tag="001">DIGRILEDIT0167</controlfield>
  <controlfield tag="003">NyNyDIG</controlfield>
  <controlfield tag="006">m     o  d        </controlfield>
  <controlfield tag="007">cr |||||||||||</controlfield>
  <controlfield tag="008">140401s2012    cl      ob    000 0 spa d</controlfield>
  <datafield tag="020" ind1=" " ind2=" ">
    <subfield code="z">9789562848992</subfield>
  </datafield>
  <datafield tag="020" ind1=" " ind2=" ">
    <subfield code="z">956284899X</subfield>
  </datafield>
  <datafield tag="035" ind1=" " ind2=" ">
    <subfield code="a">(OCoLC)881821813</subfield>
  </datafield>
  <datafield tag="040" ind1=" " ind2=" ">
    <subfield code="a">DGITA</subfield>
    <subfield code="b">eng</subfield>
    <subfield code="e">pn</subfield>
    <subfield code="c">DGITA</subfield>
  </datafield>
  <datafield tag="043" ind1=" " ind2=" ">
    <subfield code="a">s-cl---</subfield>
  </datafield>
  <datafield tag="050" ind1="1" ind2="4">
    <subfield code="a">LB2322.2 eBook</subfield>
  </datafield>
  <datafield tag="100" ind1="1" ind2=" ">
    <subfield code="a">Salazar Zegers, Jos&#xE9; Miguel.</subfield>
  </datafield>
  <datafield tag="245" ind1="1" ind2="0">
    <subfield code="a">Modelos de aseguramiento de la calidad en la educaci&#xF3;n superior  /</subfield>
    <subfield code="c">Jos&#xE9; Miguel Salazar ; El aseguramiento externo de la calidad en educaci&#xF3;n superior por Adriana Caill&#xF3;n.</subfield>
  </datafield>
  <datafield tag="264" ind1=" " ind2="1">
    <subfield code="a">Providencia, Santiago de Chile:</subfield>
    <subfield code="b">RIL editores :</subfield>
    <subfield code="b">Ediciones CINDA,</subfield>
    <subfield code="c">2012.</subfield>
  </datafield>
  <datafield tag="300" ind1=" " ind2=" ">
    <subfield code="a">1 online resource (256 pages)</subfield>
  </datafield>
  <datafield tag="336" ind1=" " ind2=" ">
    <subfield code="a">text</subfield>
    <subfield code="b">txt</subfield>
    <subfield code="2">rdacontent</subfield>
  </datafield>
  <datafield tag="337" ind1=" " ind2=" ">
    <subfield code="a">computer</subfield>
    <subfield code="b">c</subfield>
    <subfield code="2">rdamedia</subfield>
  </datafield>
  <datafield tag="338" ind1=" " ind2=" ">
    <subfield code="a">online resource</subfield>
    <subfield code="b">cr</subfield>
    <subfield code="2">rdacarrier</subfield>
  </datafield>
  <datafield tag="490" ind1="1" ind2=" ">
    <subfield code="a">Bibliodiversidad.</subfield>
  </datafield>
  <datafield tag="505" ind1="0" ind2=" ">
    <subfield code="a">Modelos de aseguramiento de la calidad en la educaci&#xF3;n superior/ Jos&#xE9; Miguel Salazar : Marco conceptual del aseguramiento de la calidad -- Aseguramiento interno y externo de la calidad -- Las agencias de aseguramiento externo de la calidad -- Evaluaci&#xF3;n de las agencias de aseguramiento externo de la calidad -- El aseguramiento externo de la calidad en la educaci&#xF3;n superior / Adriana Caill&#xF3;n -- Dise&#xF1;o de directrices, criterios y procedimientos -- Implementaci&#xF3;n de procesos de aseguramiento externo de la calidad -- Elaboraci&#xF3;n de informes --Sistemas de informaci&#xF3;n sobre aseguramiento de la calidad. </subfield>
  </datafield>
  <datafield tag="650" ind1=" " ind2="0">
    <subfield code="a">Education, Higher</subfield>
    <subfield code="z">Chile.</subfield>
  </datafield>
  <datafield tag="650" ind1=" " ind2="0">
    <subfield code="a">Education, Higher</subfield>
    <subfield code="x">Evaluation</subfield>
    <subfield code="z">Chile.</subfield>
  </datafield>
  <datafield tag="655" ind1=" " ind2="0">
    <subfield code="a">Electronic books.</subfield>
  </datafield>
  <datafield tag="700" ind1="1" ind2=" ">
    <subfield code="a">Caill&#xF3;n, Adriana</subfield>
    <subfield code="t">Aseguramiento externo de la calidad en la educaci&#xF3;n superior</subfield>
  </datafield>
  <datafield tag="791" ind1="2" ind2=" ">
    <subfield code="a">Digitalia (Firm),</subfield>
    <subfield code="e">distributor.</subfield>
  </datafield>
  <datafield tag="830" ind1=" " ind2="0">
    <subfield code="a">Bibliodiversidad.</subfield>
  </datafield>
  <datafield tag="793" ind1="0" ind2=" ">
    <subfield code="g">Digitalia eBook Collection:</subfield>
    <subfield code="a">Ril Editores.</subfield>
  </datafield>
  <datafield tag="856" ind1="4" ind2="0">
    <subfield code="3">Digitalia Hisp&#xE1;nica</subfield>
    <subfield code="u">https://www.digitaliapublishing.com/a/19206/</subfield>
  </datafield>
  <datafield tag="910" ind1=" " ind2=" ">
    <subfield code="a">Premium Collection: 2007-2012</subfield>
  </datafield>
  <datafield tag="942" ind1=" " ind2=" ">
    <subfield code="c">RAA</subfield>
  </datafield>
  <datafield tag="952" ind1=" " ind2=" ">
    <subfield code="0">0</subfield>
    <subfield code="1">0</subfield>
    <subfield code="4">0</subfield>
    <subfield code="7">0</subfield>
    <subfield code="8">DEH</subfield>
    <subfield code="a">BD-UIN</subfield>
    <subfield code="b">BD-UIN</subfield>
    <subfield code="d">2025-04-25</subfield>
    <subfield code="l">0</subfield>
    <subfield code="r">2025-04-25</subfield>
    <subfield code="w">2025-04-25</subfield>
    <subfield code="y">RAA</subfield>
  </datafield>
  <datafield tag="999" ind1=" " ind2=" ">
    <subfield code="c">236330</subfield>
    <subfield code="d">236330</subfield>
  </datafield>
</record>
